| 000 | 00645cam a22001337a 4500 | ||
|---|---|---|---|
| 008 | 180718b xxu||||| |||| 00| 0 eng d | ||
| 082 | _aZ442x54 R319 | ||
| 245 |
_aGeneral report of the committee of direction all-India rural credit survey _cby Committee of Direction of the All-India Rural Credit Survey, Reserve bank of India |
||
| 260 |
_aBombay _bReserve bank of India _c |
||
| 500 | _aContents: Library has v.1. The survey report(Part 1 and 2) v.3. The technical report | ||
| 650 | _aIndia --Rural conditions | ||
| 650 | _aAgricultural credit --India | ||
| 700 | _aReserve bank of India. Committee of Direction of the All-India Rural Credit Survey | ||
| 999 |
_c499438 _d499438 |
||